| 000 | 00402nam a2200181Ia 4500 | ||
|---|---|---|---|
| 001 | 10736 | ||
| 005 | 20260306161854.0 | ||
| 008 | 260306t1978||||xx |||||||||||||| ||spa|| | ||
| 041 | _aESP | ||
| 082 |
_a946.52 _bB94 |
||
| 100 |
_aBurgo, Jaime del _eAUT |
||
| 245 | 0 | _aNavarra | |
| 260 | _c1978 | ||
| 300 |
_a175 páginas : _c25 cm. |
||
| 650 | _aGEN | ||
| 654 | _aCHU | ||
| 942 |
_cLIB _dJUS _fJUS _2ddc _n |
||
| 999 |
_c10736 _d10736 |
||